000 00314nam a22001337a 4500
008 170706b xxu||||| |||| 00| 0 eng d
020 _a9780205184637
041 _aeng
080 _a05
100 _a22
101 _aGJL
245 _aRHETORIC CONCEPT DERFINITIONS BOUNDARIES
_cCOVINO.W.A
942 _2udc
_cBK
999 _c19972
_d19972